LEADER 01270nam0 2200325 450 001 000020990 005 20080319110126.0 010 $a88-8289-773-7 100 $a20080222d2006----km-y0itaa50------ba 101 0 $aita 102 $aIT 200 1 $a<> più belle leggende popolari italiane$ei racconti più antichi e nascosti della nostra tradizione culturale$fa cura di Cecilia Gatto Trocchi 210 $aRoma$cNewton & Compton$dc2006 215 $a570 p.$cill.$d23 cm. 225 2 $a<>big Newton$iFiabe, miti e leggende$v89 410 1$12001$a<>big Newton$iFiabe, miti e leggende$v89 606 $aLetteratura popolare$yItalia 676 $a398.092$v(21. ed.)$9Folclore. Persone 700 1$aGatto Trocchi,$bCecilia$0126143 801 0$aIT$bUniversità della Basilicata - B.I.A.$gRICA$2unimarc 912 $a000020990 996 $aPiù belle leggende popolari italiane$91527819 997 $aUNIBAS BAS $aLETTERE CAT $aSTD060$b01$c20080222$lBAS01$h1222 CAT $aSTD060$b01$c20080304$lBAS01$h1523 CAT $aMDL$b30$c20080319$lBAS01$h1031 CAT $aMDL$b30$c20080319$lBAS01$h1101 FMT Z30 -1$lBAS01$LBAS01$mBOOK$1BASA4$APolo di Matera$2DID$BDidattica$3MSR-401-157$6106595$5L106595$820080222$f98$FConsultazione LEADER 01291nam a2200289 i 4500 001 991002109349707536 008 930708s2012 de ac b 001 0 ger d 020 $a9783942476324 035 $ab14122583-39ule_inst 040 $aDip.to Studi Umanistici - Sez. Lingue e Letterature Straniere$bita 082 $a836 100 1 $aHauptmann, Gerhart$0189174 245 10$a"In höchster Berliner Eile..." :$bGerhart Hauptmann - Ivo Hauptmann : Briefwechsel /$cherausgegeben von Harriet Hauptmann und Stefan Rohlfs 260 $aBerlin :$bVBB, Verlag für Berlin-Brandenburg,$c2012 300 $a252 p., [16] p. di tav. :$bill. (in gran parte color.) ;$c22 cm 504 $aBibliografia: p. 246-248. Indice 600 14$aHauptmann, Gerhart$d<1862-1946>$vEpistolario 600 10$aHauptmann, Ivo$d<1886-1973>$vEpistolario 700 1 $aHauptmann, Ivo 700 1 $aHauptmann, Harriet$eauthor$4http://id.loc.gov/vocabulary/relators/aut$0732450 700 1 $aRohlfs, Stefan 907 $a.b14122583$b02-04-14$c08-07-13 912 $a991002109349707536 945 $aLE012 838.8 HAU 19$g1$lle012$nLE012 SC$op$pE24.95$q-$rl$s- $t0$u0$v0$w0$x0$y.i15522064$z08-07-13 996 $a"In höchster Berliner Eile..."$91443053 997 $aUNISALENTO 998 $ale012$b08-07-13$cm$da $e-$fger$gde $h0$i0